| 000 | 00347 a2200133 4500 | ||
|---|---|---|---|
| 005 | 20250708152432.0 | ||
| 020 | _a978-9976-78-076-5 | ||
| 082 | _a658 NBA | ||
| 111 | _aNBA | ||
| 245 | _aPublic Finance and Taxation | ||
| 260 |
_aDar es salaam _bTanzania Printing Services Ltd _c2000 |
||
| 300 |
_a458p. _bInclude illustration _c24cm |
||
| 942 |
_2ddc _cBKS |
||
| 999 |
_c6607 _d6607 |
||